Sam Raimi Movies - Statistics

General Stats
  • This quiz has been taken 9 times
  • The average score is 8 of 12
Answer Stats
Release Year Answer % Correct
2002 Spider-Man
100%
2004 Spider-Man 2
100%
2007 Spider-Man 3
100%
1981 The Evil Dead
100%
2022 Doctor Strange in the Multiverse of Madness
78%
1987 Evil Dead II
67%
2009 Drag Me to Hell
56%
2013 Oz the Great and Powerful
56%
1995 The Quick and the Dead
56%
1998 A Simple Plan
44%
1991 Darkman
44%
2000 The Gift
33%
No matching quizzes found
Score Distribution
Percent of People with Each Score
Percentile by Number Answered
Your Score History
You have not taken this quiz